Geonections #2 - Statistics

General Stats
  • This quiz has been taken 7 times
  • The average score is 33 of 64
Answer Stats
Question Tile Select % Correct
New Zealand (NZ) - Easy No
100%
New Zealand (NZ) - Easy No
100%
New Zealand (NZ) - Easy No
100%
New Zealand (NZ) - Easy No
100%
New Zealand (NZ) - Easy No
100%
New Zealand (NZ) - Easy No
100%
New Zealand (NZ) - Easy No
100%
New Zealand (NZ) - Easy No
83%
New Zealand (NZ) - Easy No
83%
New Zealand (NZ) - Easy No
83%
New Zealand (NZ) - Easy No
83%
New Zealand (NZ) - Easy No
83%
New Zealand (NZ) - Easy Yes
67%
New Zealand (NZ) - Easy Yes
67%
South Korea (KR) - Medium No
67%
South Korea (KR) - Medium No
67%
South Korea (KR) - Medium No
67%
South Korea (KR) - Medium No
67%
South Korea (KR) - Medium No
67%
South Korea (KR) - Medium No
67%
South Korea (KR) - Medium No
67%
South Korea (KR) - Medium No
67%
South Korea (KR) - Medium No
67%
South Korea (KR) - Medium No
67%
New Zealand (NZ) - Easy Yes
50%
New Zealand (NZ) - Easy Yes
50%
South Korea (KR) - Medium Yes
50%
South Korea (KR) - Medium No
50%
South Korea (KR) - Medium No
50%
Indonesia (ID) - Hard No
50%
Indonesia (ID) - Hard No
50%
Indonesia (ID) - Hard No
50%
Indonesia (ID) - Hard No
50%
Indonesia (ID) - Hard No
50%
Indonesia (ID) - Hard No
50%
Indonesia (ID) - Hard No
50%
Indonesia (ID) - Hard No
50%
Indonesia (ID) - Hard No
50%
Indonesia (ID) - Hard No
50%
South Korea (KR) - Medium Yes
33%
South Korea (KR) - Medium Yes
33%
Indonesia (ID) - Hard No
33%
Indonesia (ID) - Hard No
33%
Paraguay (PY) - Expert No
33%
Paraguay (PY) - Expert No
33%
Paraguay (PY) - Expert No
33%
Paraguay (PY) - Expert No
33%
Paraguay (PY) - Expert No
33%
Paraguay (PY) - Expert No
33%
Paraguay (PY) - Expert No
33%
Paraguay (PY) - Expert No
33%
Paraguay (PY) - Expert No
33%
Paraguay (PY) - Expert No
33%
Paraguay (PY) - Expert No
33%
South Korea (KR) - Medium Yes
17%
Indonesia (ID) - Hard Yes
17%
Indonesia (ID) - Hard Yes
17%
Indonesia (ID) - Hard Yes
17%
Indonesia (ID) - Hard Yes
17%
Paraguay (PY) - Expert No
17%
Paraguay (PY) - Expert Yes
17%
Paraguay (PY) - Expert Yes
17%
Paraguay (PY) - Expert Yes
17%
Paraguay (PY) - Expert Yes
17%
No matching quizzes found
Score Distribution
Percent of People with Each Score
Percentile by Number Answered
Your Score History
You have not taken this quiz